[Event "Titled Tue 26th Aug Early"]
[Site "chess.com INT"]
[Date "2025.08.26"]
[Round "6"]
[White "Livaic, Leon"]
[Black "Mamedov, Edgar"]
[Result "1/2-1/2"]
[WhiteTitle "GM"]
[BlackTitle "GM"]
[WhiteElo "2550"]
[BlackElo "2490"]
[WhiteFideId "14531534"]
[BlackFideId "13739980"]
[EventDate "2025.08.26"]

1. d4 d5 2. c4 e6 3. Nf3 Nf6 4. Nc3 c6 5. Bg5 Nbd7 6. cxd5 exd5 7. e3 h6 8. Bh4
g5 9. Bg3 Nh5 10. Bd3 Nxg3 11. hxg3 Bg7 12. Qc2 Qe7 13. O-O-O Nb6 14. Kb1 Be6
15. Nd2 O-O-O 16. Nb3 Kb8 17. Rc1 h5 18. Nc5 Bc8 19. Bf5 Bxf5 20. Qxf5 Nc4 21.
Ka1 Ka8 22. a3 Rh6 23. Ka2 Nd6 24. Qc2 f5 25. Rb1 Rc8 26. b4 f4 27. gxf4 gxf4
28. exf4 Bxd4 29. Rhe1 Qf7 30. Nd3 Bg7 31. Na4 Nb5 32. g3 h4 33. Ne5 Bxe5 34.
Rxe5 hxg3 35. fxg3 Rch8 36. Rbe1 d4+ 37. Kb2 Nd6 38. Ka1 Rh2 39. R5e2 Rxe2 40.
Rxe2 Rh1+ 41. Kb2 Kb8 42. Qc5 Nc4+ 43. Kc2 Nxa3+ 44. Kd3 Rd1+ 45. Rd2 Rxd2+ 46.
Kxd2 Nb5 47. Qe5+ Kc8 48. Nc5 Qg6 49. f5 Qh6+ 50. Ke2 Qh2+ 51. Kf3 Qh5+ 52. Kg2
Qf7 53. Qh8+ Kc7 54. Qe5+ Kc8 55. f6 b6 56. Qf5+ Kc7 57. Ne6+ Kd6 58. Ng5 Qd5+
59. Qf3 Qxf3+ 60. Kxf3 Nc3 61. g4 c5 62. bxc5+ bxc5 63. Nh7 d3 64. Ke3 Nd5+ 65.
Kxd3 Ke6 66. g5 Kf7 67. Kc4 Nf4 68. Kxc5 Ne6+ 69. Kb5 Nxg5 70. Nxg5+ Kxf6 71.
Ka6 Kxg5 72. Kxa7 1/2-1/2

[Event "Titled Tue 26th Aug Early"]
[Site "chess.com INT"]
[Date "2025.08.26"]
[Round "6"]
[White "Liu, Zachary Hankun"]
[Black "Janukshan, B"]
[Result "1-0"]
[BlackTitle "CM"]
[WhiteElo "1998"]
[BlackElo "1944"]
[WhiteFideId "2640287"]
[BlackFideId "29945399"]
[EventDate "2025.08.26"]

1. e4 e5 2. Nf3 Nc6 3. Nc3 Nf6 4. a3 Bc5 5. Nxe5 Nxe5 6. d4 Bd6 7. dxe5 Bxe5 8.
Bd3 O-O 9. O-O d5 10. Nxd5 Ng4 11. h3 Qh4 12. Ne3 Nxe3 13. Bxe3 Bxh3 14. f4 Bg4
15. Qd2 Bxb2 16. Rab1 Bxa3 17. Rxb7 Qe7 18. Ra1 Bc5 19. f5 Bxf5 20. Qf2 Bxe3 21.
Qxe3 a5 22. Qf4 Qc5+ 23. Kh1 Qd4 24. Rf1 Bg6 25. Rxc7 a4 26. Rc4 Qb2 27. e5 a3
28. Rb4 Qc3 29. Rb3 Qc5 30. Ra1 a2 31. Rb2 Bxd3 32. cxd3 Qd5 33. Qf2 Qxe5 34.
Rbxa2 Qxa1+ 35. Rxa1 Rxa1+ 36. Kh2 Ra3 37. Qe3 Rd8 38. Qe7 Raxd3 39. Qg5 R3d7
40. Qe5 f6 41. Qe6+ Kf8 42. Qf5 Re7 43. Qxh7 Kf7 44. Qh5+ Ke6 45. Qe2+ Kd7 46.
Qd3+ Ke8 47. Qg6+ Kf8 48. Qh7 Rd5 49. Qh8+ Kf7 50. Qh4 Rg5 51. Qc4+ Kg6 52. Qc2+
Kh6 53. Qc8 Rh5+ 54. Kg1 Kg6 55. Qg4+ Rg5 56. Qc4 Rd7 57. Qc2+ Kh6 58. Qe2 Rdd5
59. Qe3 Re5 60. Qh3+ Kg6 61. Qc3 Re2 62. Qd3+ f5 63. Qxe2 Kf6 64. Kf2 g6 65.
Qb2+ Kf7 66. Qb7+ Kf6 67. Qc6+ Kf7 68. Qd7+ 1-0

[Event "Titled Tue 26th Aug Early"]
[Site "chess.com INT"]
[Date "2025.08.26"]
[Round "6"]
[White "Mikhailovsky, Vladimir"]
[Black "Grutter, Tim"]
[Result "1/2-1/2"]
[WhiteTitle "CM"]
[BlackTitle "IM"]
[WhiteElo "2215"]
[BlackElo "2402"]
[WhiteFideId "34105414"]
[BlackFideId "1057472"]
[EventDate "2025.08.26"]

1. e4 a6 2. d4 c6 3. Nf3 d5 4. Bd3 dxe4 5. Bxe4 Nf6 6. Bd3 Bg4 7. c3 e6 8. Nbd2
Nbd7 9. h3 Bh5 10. O-O Bd6 11. Re1 O-O 12. Qc2 Bg6 13. Bxg6 hxg6 14. a4 a5 15.
Nc4 Bc7 16. Bg5 Qb8 17. Rad1 Re8 18. Nce5 Nxe5 19. dxe5 Nd5 20. c4 Nb4 21. Qe4
c5 22. Qh4 Nc6 23. Rd7 Nxe5 24. Nxe5 Bxe5 25. Qe4 Bd4 26. Rxb7 Qg3 27. Be3 Bxe3
28. Rxe3 Qg5 29. Rf3 f5 30. Qe5 Re7 31. Rb6 Rd8 32. Rxe6 Rxe6 33. Qxe6+ Kh7 34.
Rg3 Qh6 35. Kh2 Rd2 36. b3 Rxf2 37. Qe3 Qxe3 38. Rxe3 Rb2 39. Kg3 g5 40. Kf3 Kg6
41. Rd3 Kf6 42. g3 Ke6 43. Re3+ Kf6 44. Rd3 Ke6 45. Re3+ Kf6 46. Rc3 Rd2 47. Re3
Rh2 48. Rd3 Rxh3 49. Kg2 Rh8 50. Rd6+ Ke7 51. Rd5 Rb8 52. Rxc5 Rxb3 53. Rxf5 Rb4
54. Rxg5 Rxa4 55. Rxg7+ Kd6 56. Rg4 Kc5 57. Rg5+ Kxc4 58. Rg4+ Kb3 59. Rxa4 Kxa4
60. g4 Kb4 61. g5 a4 62. g6 a3 63. g7 a2 64. g8=Q a1=Q 65. Qb8+ Kc5 66. Qc7+ Kb5
67. Qd7+ Kc5 68. Qe7+ Kc6 69. Qe6+ Kc7 70. Qc4+ Kb7 71. Qe4+ Kc7 72. Qf4+ Kb7
73. Qf3+ Kc7 74. Qf7+ Kb8 75. Qf8+ Kb7 76. Qf1 Qg7+ 77. Kf2 Qf6+ 78. Ke2 Qe5+
79. Kf2 Qf4+ 80. Ke2 Qc4+ 81. Kf2 Qh4+ 82. Ke2 Qh2+ 83. Qf2 Qxf2+ 84. Kxf2 1/2-1/2

[Event "Titled Tue 26th Aug Early"]
[Site "chess.com INT"]
[Date "2025.08.26"]
[Round "6"]
[White "Vlassov, Nikolai"]
[Black "Ambartsumian, Tyhran"]
[Result "0-1"]
[WhiteTitle "IM"]
[BlackTitle "CM"]
[WhiteElo "2301"]
[BlackElo "2244"]
[WhiteFideId "4103360"]
[BlackFideId "34161112"]
[EventDate "2025.08.26"]

1. e4 e5 2. Bc4 Nf6 3. d3 Nc6 4. Nf3 Bc5 5. Bg5 d6 6. Nc3 h6 7. Bh4 a6 8. Nd5
Bg4 9. Nxf6+ gxf6 10. c3 b5 11. Bd5 Qd7 12. Bxf6 Rg8 13. h3 Be6 14. d4 exd4 15.
cxd4 Bb6 16. Bxc6 Qxc6 17. d5 Ba5+ 18. Nd2 Bxd5 19. exd5 Qxd5 20. Qe2+ Kd7 21.
Qe7+ Kc8 22. O-O-O Qxg2 23. Nb3 Bb6 24. Qxf7 Kb7 25. Qd5+ Qxd5 26. Rxd5 Raf8 27.
Bh4 Bxf2 28. Rh5 Bxh4 29. Rxh4 Rg2 30. Rd1 Rf6 31. Rd2 Rg1+ 32. Kc2 Kb6 33. Nd4
Rg3 34. Ne2 Rg5 35. Nc3 Re6 36. Nd5+ Kb7 37. Nf4 Rf6 38. Nd5 Rff5 39. Ne3 Rf3
40. Ng4 h5 41. Nh2 Rfg3 42. Nf1 Rf3 43. Nh2 Rfg3 44. Nf1 Rg1 45. Ne3 Re5 46. Kd3
Rg3 47. Re2 c5 48. Kd2 Rg1 49. Nc2 Rd5+ 50. Kc3 Kc6 51. Ne3 Re5 52. Kd2 a5 53.
Nd1 Rd5+ 54. Kc2 Rgxd1 55. Rxh5 Rxh5 56. Kxd1 Rxh3 57. Kc2 Rh4 58. a3 Rd4 59.
Rf2 a4 60. Rg2 Rc4+ 61. Kd2 Rd4+ 62. Kc2 b4 63. axb4 Rxb4 64. Kc3 Rb3+ 65. Kc2
d5 66. Rg6+ Kb5 67. Rg8 d4 68. Rb8+ Kc4 69. Ra8 Rb4 70. Rd8 d3+ 71. Kc1 Rb6 72.
Ra8 Kb3 73. Rd8 c4 74. Rd4 a3 75. bxa3 Kc3 76. Rd8 Rb3 77. Ra8 d2+ 0-1

[Event "Titled Tue 26th Aug Early"]
[Site "chess.com INT"]
[Date "2025.08.26"]
[Round "6"]
[White "Shafer, Logan C"]
[Black "Munoz, Francisco Javier"]
[Result "1-0"]
[WhiteTitle "CM"]
[BlackTitle "FM"]
[WhiteElo "2234"]
[BlackElo "2389"]
[WhiteFideId "30993342"]
[BlackFideId "128368"]
[EventDate "2025.08.26"]

1. e4 e5 2. Nf3 Nc6 3. Bb5 a6 4. Ba4 Nge7 5. c3 g6 6. d4 exd4 7. cxd4 Bg7 8. O-O
O-O 9. Nc3 d5 10. e5 Bg4 11. Bxc6 Nxc6 12. Be3 f6 13. h3 Bxf3 14. Qxf3 fxe5 15.
Qxd5+ Qxd5 16. Nxd5 exd4 17. Bd2 Rac8 18. Rfe1 Rfd8 19. Nf4 Re8 20. Rac1 Ne5 21.
Re4 Kf7 22. Rce1 Nc4 23. Bc1 Rxe4 24. Rxe4 Re8 25. Rxe8 Kxe8 26. b3 Nb6 27. Ne6
Be5 28. Nc5 Nd5 29. Nxb7 Nc3 30. Bd2 Ne4 31. Ba5 d3 32. Kf1 Kd7 33. f3 Ng3+ 34.
Ke1 Kc6 35. Nd8+ Kb5 36. Bd2 Nf5 37. Nf7 Bg3+ 38. Kd1 Nh4 39. Ng5 h5 40. Ne4 Be5
41. Bg5 Nxg2 42. Kd2 Nf4 43. Bxf4 Bxf4+ 44. Kxd3 a5 45. Nc3+ Kc5 46. Ne2 Be5 47.
Ke4 Ba1 48. Nf4 Kb4 49. Nxg6 Ka3 50. Ne5 Kxa2 51. f4 Kxb3 52. f5 Bb2 53. f6 Ba3
54. Kd5 a4 55. Nd3 Bf8 56. Nc5+ Kb4 57. Ne6 Bd6 58. Nxc7 a3 59. Kxd6 a2 60. f7
a1=Q 61. f8=Q Qd1+ 62. Nd5+ Kb3 63. Qb8+ Ka2 64. Qa7+ Kb3 65. Qb6+ Ka2 66. Qa5+
Kb1 67. Qb4+ Ka1 68. Qc3+ Kb1 69. Ke6 Qe2+ 70. Qe5 Qa6+ 71. Kf5 Qc8+ 72. Kg5
Qg8+ 73. Kxh5 Qh7+ 74. Kg4 Qg6+ 75. Qg5 Qe4+ 76. Nf4 Kc2 77. Qf5 Qxf5+ 78. Kxf5 1-0

[Event "Titled Tue 26th Aug Early"]
[Site "chess.com INT"]
[Date "2025.08.26"]
[Round "6"]
[White "Tikhonov, Viacheslav"]
[Black "Fikiet, Alex"]
[Result "1/2-1/2"]
[WhiteTitle "CM"]
[WhiteElo "2183"]
[BlackElo "2151"]
[WhiteFideId "44196407"]
[BlackFideId "2052717"]
[EventDate "2025.08.26"]

1. e4 c5 2. Nf3 d6 3. Nc3 Nc6 4. d4 cxd4 5. Nxd4 Nf6 6. Nxc6 bxc6 7. Bd3 e5 8.
O-O Be7 9. Qe2 Rb8 10. b3 O-O 11. Bb2 Nd7 12. Na4 Qc7 13. c4 Bf6 14. Rad1 Re8
15. Qd2 Nf8 16. Be2 Rd8 17. Ba3 Be7 18. Bb4 Rxb4 19. Qxb4 Ne6 20. Qc3 c5 21. Qd3
Nf4 22. Qf3 Bb7 23. Nc3 f5 24. Nd5 Bxd5 25. cxd5 Rf8 26. exf5 Rxf5 27. Bd3 Rf8
28. Qe4 g6 29. g3 Nh3+ 30. Kg2 Ng5 31. Qe2 Qd7 32. f4 Qh3+ 33. Kh1 Nf7 34. fxe5
Nxe5 35. Rxf8+ Bxf8 36. Be4 Bh6 37. Bg2 Qd7 38. Rf1 Bg7 39. Qf2 h6 40. Qe2 Kh7
41. Re1 Qf5 42. h3 Qg5 43. Kh2 a5 44. Qe3 Qd8 45. Rf1 Qb6 46. Qf4 Qb4 47. Qxb4
axb4 48. Re1 g5 49. Re2 Kg6 50. Be4+ Kf7 51. g4 Ke7 52. Rf2 Nd7 53. Bg6 Be5+ 54.
Kg2 Nf6 55. Rd2 Bd4 56. Bf5 Nxd5 57. Re2+ Kf8 58. Kf3 Nf4 59. Re1 Be5 60. h4
gxh4 61. Rh1 h3 62. g5 hxg5 63. Bxh3 Nxh3 64. Rxh3 Kg7 65. Kg4 Kg6 66. Rf3 Bf4
67. Rf1 Kf6 68. Rh1 d5 69. Kf3 Ke5 70. Rh8 c4 71. Rc8 Kd4 72. Ke2 c3 73. Kd1 g4
74. Kc2 g3 75. Rg8 g2 76. Rxg2 Ke4 77. Re2+ Be3 78. Rh2 d4 79. Rh4+ Kf3 80. Rh3+
Ke4 81. Rh4+ Bf4 82. Rh3 Be3 83. Rh4+ 1/2-1/2

[Event "Titled Tue 26th Aug Early"]
[Site "chess.com INT"]
[Date "2025.08.26"]
[Round "6"]
[White "Hovakimyan, Vache"]
[Black "Przybylski, Bartosz"]
[Result "1-0"]
[WhiteTitle "FM"]
[BlackTitle "CM"]
[WhiteElo "2270"]
[BlackElo "2041"]
[WhiteFideId "13317288"]
[BlackFideId "21878323"]
[EventDate "2025.08.26"]

1. Nf3 d6 2. d4 Nf6 3. c4 Nbd7 4. Nc3 e5 5. g3 Be7 6. Bg2 c6 7. O-O O-O 8. e4 h6
9. Re1 Re8 10. Qc2 a5 11. b3 Qc7 12. Bb2 b6 13. h3 Bb7 14. Qd3 Bf8 15. Rad1 exd4
16. Nxd4 Rad8 17. Kh2 Ne5 18. Qc2 Ng6 19. f4 Qb8 20. Nf5 d5 21. cxd5 cxd5 22. e5
Ne4 23. Nxe4 dxe4 24. Rxd8 Rxd8 25. Bxe4 Bxe4 26. Qxe4 Rd2+ 27. Re2 Qd8 28. e6
fxe6 29. Qxe6+ Kh7 30. Bc3 Rxe2+ 31. Qxe2 Qd5 32. Nd4 Bc5 33. Nf3 Qf5 34. Be1
Qb1 35. Bf2 Bxf2 36. Qxf2 b5 37. Nd4 a4 38. Qc2 Qf1 39. Nc6 axb3 40. axb3 Kh8
41. Ne5 Nxf4 42. Qc8+ Kh7 43. Qf5+ Kh8 44. Ng6+ Kh7 45. Nh4+ Kh8 46. Qxf4 Qe2+
47. Ng2 Qd3 48. Qb8+ Kh7 49. b4 Qc4 50. Qd6 Kg8 51. Qc5 Qe2 52. Qd5+ Kf8 53. h4
Ke7 54. Kh3 Qe6+ 55. Qxe6+ Kxe6 56. Nf4+ Kf5 57. h5 Ke5 58. Kg4 Kd4 59. Kf5 Kc4
60. Kg6 Kxb4 61. Kxg7 Kc4 62. Ne2 Kd3 63. Nc1+ Kc2 64. Na2 Kb3 65. Nc1+ Kc2 66.
Ne2 Kd3 67. Nf4+ Kd4 68. Ne6+ Ke5 69. Nc5 b4 70. Kxh6 Kd4 71. Nb3+ Kc3 72. Na5
Kb2 73. g4 Ka3 74. g5 Ka4 75. Nc4 b3 76. Nd2 b2 77. g6 Kb4 78. g7 Kc3 79. Nb1+
Kc2 80. g8=Q Kxb1 81. Qg1+ Ka2 82. Kg6 b1=Q+ 83. Qxb1+ Kxb1 84. h6 1-0

[Event "Titled Tue 26th Aug Early"]
[Site "chess.com INT"]
[Date "2025.08.26"]
[Round "6"]
[White "Durarbayli, Vasif"]
[Black "Adewumi, Tanitoluwa"]
[Result "1-0"]
[WhiteTitle "GM"]
[BlackTitle "IM"]
[WhiteElo "2612"]
[BlackElo "2421"]
[WhiteFideId "13402935"]
[BlackFideId "30966396"]
[EventDate "2025.08.26"]

1. e4 e5 2. Nf3 Nc6 3. d4 exd4 4. Nxd4 Nf6 5. Nxc6 bxc6 6. e5 Qe7 7. Qe2 Nd5 8.
h4 d6 9. c4 Nb6 10. exd6 cxd6 11. Be3 d5 12. Nd2 Bf5 13. g4 Be6 14. O-O-O Qb4
15. Bd4 dxc4 16. Bg2 Qa4 17. Nb1 Nd5 18. Bxd5 cxd5 19. Nc3 Qa5 20. f4 O-O-O 21.
f5 Bd7 22. Qe3 Kb7 23. Rhe1 Bb4 24. Bxg7 Rhe8 25. Qf3 Rxe1 26. Rxe1 Bc6 27. Bd4
Bd6 28. Kb1 Qc7 29. g5 Qd7 30. h5 Rg8 31. Rg1 Be7 32. g6 fxg6 33. hxg6 hxg6 34.
fxg6 Qe6 35. g7 a6 36. a3 a5 37. Ka2 a4 38. Qf2 Bd6 39. Re1 Qd7 40. Rg1 Be7 41.
Rg6 Bd6 42. Qf6 Bc7 43. Qf8 Qe8 44. Qb4+ Kc8 45. Rg1 Kd7 46. Nxa4 Qe7 47. Nc5+
Kc8 48. Re1 Qf7 49. Ne6 Re8 50. Qf8 Rxf8 51. gxf8=Q+ Qxf8 52. Nxf8 Ba5 53. Bc3
Bb6 54. Ne6 Kd7 55. Nd4 Ba4 56. Rg1 Kd6 57. Rg6+ Kc7 58. Ne6+ Kb7 59. Nd4 Kc7
60. Ka1 Kb7 61. Rg7+ Ka6 62. Rg5 Bxd4 63. Bxd4 Bc6 64. Rg7 Kb5 65. Kb1 Ka4 66.
Kc2 Bb7 67. Kc3 Ba6 68. Rg6 Bb5 69. Rb6 Bc6 70. Rb4+ Ka5 71. Bb6+ Ka6 72. Kd4
Bb5 73. Bc5 Ka5 74. Kxd5 Ba6 75. Bd4 c3 76. Bxc3 Bb7+ 77. Kc5 Bc6 78. Rb6+ Ka4
79. Ra6+ Kb3 80. Rxc6 Ka4 81. Rh6 Kb3 82. Rh1 Ka4 83. Be1 Kb3 84. Rh3+ Ka4 85.
b3+ Kxa3 86. Kc4 Ka2 87. Bb4 Kb2 88. Rh2+ Ka1 89. Kc3 Kb1 90. Ba5 Ka1 91. b4 Kb1
92. b5 Ka1 93. Kb3 Kb1 94. Rh1# 1-0

[Event "Titled Tue 26th Aug Early"]
[Site "chess.com INT"]
[Date "2025.08.26"]
[Round "6"]
[White "Newansa, M Esandi"]
[Black "Pham, Le Thao Nguyen"]
[Result "0-1"]
[WhiteTitle "WFM"]
[BlackTitle "IM"]
[WhiteElo "1951"]
[BlackElo "2348"]
[WhiteFideId "9999060"]
[BlackFideId "12401226"]
[EventDate "2025.08.26"]

1. d4 d5 2. Bf4 c5 3. e3 cxd4 4. exd4 Nc6 5. c3 Nf6 6. Nd2 Bf5 7. Qb3 Qc8 8.
Ngf3 e6 9. Ne5 Be7 10. Bb5 O-O 11. O-O Nxe5 12. Bxe5 a6 13. Be2 Nd7 14. Bg3 Qc6
15. Rac1 b5 16. Qd1 Nb6 17. Bg4 Bg6 18. f4 Bd3 19. Rf3 Be4 20. Rf1 f5 21. Bf3
Nc4 22. Nxc4 bxc4 23. b3 Ba3 24. Rc2 Bxc2 25. Qxc2 Be7 26. Qe2 cxb3 27. axb3 Qb6
28. Re1 Kf7 29. Bxd5 exd5 30. Qxe7+ Kg8 31. Qa3 Rf7 32. Re5 Qb7 33. h3 h6 34.
Bh4 Rc8 35. b4 Qc6 36. Re3 Qb5 37. Qb2 Re8 38. Qd2 Rxe3 39. Qxe3 Qd7 40. Kh2 Rf8
41. Qd3 Qe6 42. Qc2 Rc8 43. Qa4 Kh7 44. Qb3 Qe4 45. Bg3 Rc4 46. Qa3 Qe6 47. Bf2
Qe2 48. Bg3 Qd3 49. Qxa6 Rxc3 50. Qxd3 Rxd3 51. Bf2 Kg6 52. Kg1 Kf7 53. Kf1 Rb3
54. Be1 Rb2 55. g4 g6 56. gxf5 gxf5 57. Bc3 Rb3 58. Bd2 Rxh3 59. Ke2 Rb3 60. Kd1
Ke6 61. Kc2 Rf3 62. b5 Kd7 63. Bb4 h5 64. Bf8 h4 65. b6 Kc6 66. Kd2 h3 67. Ke2
h2 68. Kxf3 h1=Q+ 69. Kg3 Kxb6 70. Bd6 Kb5 71. Be5 Kc4 72. Kf2 Kd3 73. Kg3 Ke4
74. Kf2 Qh2+ 75. Ke1 Kd3 76. Kf1 Ke3 77. Ke1 Qe2# 0-1

[Event "Titled Tue 26th Aug Early"]
[Site "chess.com INT"]
[Date "2025.08.26"]
[Round "6"]
[White "Papasimakopoulos, Alexandros"]
[Black "Materia, Marco"]
[Result "1-0"]
[WhiteTitle "IM"]
[BlackTitle "IM"]
[WhiteElo "2361"]
[BlackElo "2500"]
[WhiteFideId "4244125"]
[BlackFideId "45150451"]
[EventDate "2025.08.26"]

1. d4 Nf6 2. c4 e6 3. Nc3 d5 4. cxd5 exd5 5. Bg5 Be7 6. e3 h6 7. Bh4 Bg4 8. Qb3
Nbd7 9. Bg3 Nb6 10. h3 Bd7 11. Nf3 O-O 12. Be2 Re8 13. O-O c6 14. Rfc1 Bf5 15.
Nd2 Bd6 16. Bxd6 Qxd6 17. a4 Re7 18. a5 Nc8 19. Na4 a6 20. Qa3 Qd8 21. Nc5 Nd6
22. Qb4 Qc7 23. Ra3 Nd7 24. Nxd7 Qxd7 25. Nb3 Ne4 26. Nc5 Nxc5 27. Qxc5 Rae8 28.
Rb3 Re6 29. Bg4 Rg6 30. Bxf5 Qxf5 31. Kf1 Kh7 32. Qc2 Qg5 33. g3 Re7 34. Kg2 Kh8
35. Qe2 Qf5 36. Qf3 Qd7 37. Rb6 Qc7 38. Rc3 Rf6 39. Qg4 Re4 40. Qh5 Re7 41. Rcb3
Qc8 42. Qg4 Rfe6 43. Qf5 Kg8 44. h4 g6 45. Qg4 h5 46. Qf4 Re4 47. Qf6 Rc7 48.
R6b4 Qd7 49. Rb6 Re6 50. Qf4 Kf8 51. Qh6+ Kg8 52. Qf4 Re7 53. Qf6 Qe8 54. Qf3
Re6 55. R3b4 Qe7 56. Qf4 Rd6 57. Qg5 Qd7 58. Qe5 Re6 59. Qf4 Re7 60. Qf6 Qg4 61.
Qf3 Qe6 62. Kg1 Kf8 63. Rb3 Red7 64. Qf4 Ke8 65. Qh6 Qf6 66. Qh7 Kf8 67. Qh6+
Kg8 68. Qf4 Qxf4 69. gxf4 Kg7 70. Kg2 Kf6 71. Kf3 Kf5 72. R6b4 f6 73. Rc3 Rh7
74. Rc1 g5 75. fxg5 fxg5 76. hxg5 Kxg5 77. Rh1 Rcf7+ 78. Kg2 h4 79. Rh3 Rhg7 80.
f3 Kh5+ 81. Kf2 Rg8 82. Rb3 Rfg7 83. Rh2 Rf8 84. Rd3 Rgf7 85. Rh3 Rf5 86. Rd1
Rh8 87. Rg1 Rg5 88. Rxh4+ Kxh4 89. Rh1# 1-0

[Event "Titled Tue 26th Aug Early"]
[Site "chess.com INT"]
[Date "2025.08.26"]
[Round "6"]
[White "Amburgy, Ryan"]
[Black "Henriquez Villagra, Cristobal"]
[Result "0-1"]
[WhiteTitle "FM"]
[BlackTitle "GM"]
[WhiteElo "2363"]
[BlackElo "2592"]
[WhiteFideId "30924820"]
[BlackFideId "3409350"]
[EventDate "2025.08.26"]

1. d4 d5 2. c4 e6 3. Nc3 c6 4. e4 Bb4 5. Bd2 Bxc3 6. Bxc3 Nf6 7. e5 Ne4 8. Bd3
Nxc3 9. bxc3 c5 10. Nf3 cxd4 11. cxd4 dxc4 12. Bxc4 Qa5+ 13. Qd2 Nc6 14. Rc1 Bd7
15. Rc3 Ne7 16. O-O h6 17. Bb3 O-O 18. Rfc1 Bc6 19. Qe2 Rfd8 20. Rc5 Qb4 21.
R5c4 Qb6 22. h3 Bb5 23. Qe4 Bxc4 24. Rxc4 Rac8 25. Nd2 Rxc4 26. Nxc4 Qxd4 27.
Qxb7 Ng6 28. Qc7 Qd7 29. Qc5 Qe7 30. Qe3 Qc7 31. g3 Rd5 32. Nd6 Rxe5 33. Qd4 Rd5
34. Bxd5 Qxd6 35. Qxa7 Qxd5 36. a4 Ne5 37. a5 Nf3+ 38. Kg2 Nd4+ 39. Kg1 Nc6 40.
Qa8+ Kh7 41. a6 Qc5 42. Qb7 f5 43. h4 Na7 44. h5 Nb5 45. Qf7 Kh8 46. Qxe6 Nc7
47. Qc8+ Kh7 48. a7 Qxa7 49. Qxf5+ Kg8 50. Qc8+ Kf7 51. Qd7+ Kf8 52. Qd6+ Ke8
53. Qe5+ Kf7 54. Qf5+ Ke7 55. Qg6 Ne6 56. Kg2 Qb7+ 57. f3 Qd5 58. Qg4 Qe5 59.
Qb4+ Kf6 60. Qh4+ Qg5 61. Qh3 Qd2+ 62. Kf1 Ng5 63. Qg4 Qd5 64. Kf2 Qe6 65. Qf4+
Ke7 66. Qc7+ Kf8 67. Qd8+ Kf7 68. Qc7+ Qe7 69. Qc4+ Ne6 70. Qd5 Qc5+ 71. Qxc5
Nxc5 72. Ke3 Kf6 73. f4 Ne6 74. Kf3 Nd4+ 75. Ke4 Nc6 76. g4 Ne7 77. Kf3 Ke6 78.
Ke4 Nd5 79. g5 Ne7 80. Kf3 Kf5 81. Kg3 Nd5 82. gxh6 gxh6 83. Kh4 Nxf4 84. Kg3
Ne6 85. Kh4 Ng7 86. Kg3 Kg5 87. Kh3 Nxh5 88. Kh2 Nf4 89. Kg3 h5 90. Kh2 h4 91.
Kh1 Kg4 92. Kh2 Ng6 93. Kh1 Kg3 94. Kg1 Ne5 95. Kh1 Ng4 96. Kg1 h3 0-1

[Event "Titled Tue 26th Aug Early"]
[Site "chess.com INT"]
[Date "2025.08.26"]
[Round "6"]
[White "Mekhitarian, Krikor Sevag"]
[Black "Ibarra Jerez, Jose Carlos"]
[Result "0-1"]
[WhiteTitle "GM"]
[BlackTitle "GM"]
[WhiteElo "2549"]
[BlackElo "2545"]
[WhiteFideId "2107660"]
[BlackFideId "2226332"]
[EventDate "2025.08.26"]

1. Nf3 d6 2. d4 Nf6 3. c4 g6 4. Nc3 Bf5 5. Nh4 Bd7 6. e4 e5 7. Nf3 exd4 8. Nxd4
Bg7 9. Bg5 h6 10. Bh4 Nc6 11. Nxc6 bxc6 12. Bd3 Rb8 13. Rb1 g5 14. Bg3 Ng4 15.
O-O h5 16. Be2 Qf6 17. h3 Ne5 18. c5 h4 19. Bh2 dxc5 20. Qd2 g4 21. Bxe5 Qxe5
22. Bxg4 Bxg4 23. hxg4 Rd8 24. Qe2 Qf4 25. Rfd1 Be5 26. Rxd8+ Kxd8 27. Qf3 Qh2+
28. Kf1 Ke7 29. Ke2 h3 30. g3 Rd8 31. Rh1 Qg2 32. Qxg2 hxg2 33. Rg1 Rb8 34. Nd1
Bxb2 35. Nxb2 Rxb2+ 36. Ke3 Rxa2 37. Rxg2 Ra3+ 38. Kf4 c4 39. Rg1 Kd6 40. g5 c3
41. Kf5 Ra2 42. f4 Re2 43. e5+ Kd5 44. g6 fxg6+ 45. Kxg6 c2 46. Kf6 a5 47. g4
Re4 48. f5 Rxe5 49. g5 Re2 50. g6 Rg2 51. Rc1 Ke4 52. g7 Kd3 53. Kf7 Kd2 54.
Rxc2+ Kxc2 55. g8=Q Rxg8 56. Kxg8 a4 57. f6 a3 58. f7 a2 59. f8=Q a1=Q 60. Qf2+
Kb3 61. Qf7+ Kb4 62. Qxc7 Qg1+ 63. Kf7 Qf2+ 64. Ke6 Qe3+ 65. Kf5 c5 66. Qb6+ Ka4
67. Qc6+ Kb4 68. Qb6+ Kc3 69. Qa5+ Kb3 70. Qb5+ Kc2 71. Qa4+ Qb3 72. Qc6 Qd3+
73. Ke5 Qd4+ 74. Kf5 c4 75. Qg2+ Kb3 76. Qb7+ Ka2 77. Qc6 Qd3+ 78. Ke5 c3 79.
Qa4+ Kb2 80. Qb4+ Kc1 81. Qa3+ Kd2 82. Qb4 Qe3+ 83. Kd5 Qd3+ 84. Kc5 Kc1 85.
Qa3+ Kd1 86. Qa1+ Ke2 87. Kb4 c2 88. Qg1 Qd2+ 89. Kb3 c1=Q 0-1

[Event "Titled Tue 26th Aug Early"]
[Site "chess.com INT"]
[Date "2025.08.26"]
[Round "6"]
[White "Jahnz, Laurin"]
[Black "Gunawardhana, Devindya Oshini"]
[Result "0-1"]
[WhiteTitle "CM"]
[BlackTitle "WIM"]
[WhiteElo "2219"]
[BlackElo "2101"]
[WhiteFideId "16261089"]
[BlackFideId "29941482"]
[EventDate "2025.08.26"]

1. e4 e5 2. Nf3 Nc6 3. Bc4 Nf6 4. d3 Bc5 5. O-O d6 6. a4 h6 7. Be3 Qe7 8. Bxc5
dxc5 9. Nbd2 Bg4 10. Bb5 Bd7 11. Nc4 O-O 12. Bxc6 Bxc6 13. Ncxe5 Be8 14. a5 Rd8
15. Qe2 Nd7 16. Nxd7 Bxd7 17. Qe3 Bc6 18. Rfe1 Rfe8 19. Qf4 Rd6 20. Nh4 Rf6 21.
Nf5 Qd7 22. Qg4 Rg6 23. Qf4 Kh7 24. Ng3 Rf6 25. Qd2 Qd6 26. Qc3 Rg6 27. Rad1 Bd7
28. d4 cxd4 29. Qxd4 Qxd4 30. Rxd4 Bc6 31. f3 Rg5 32. b4 Ba4 33. c3 c5 34. Rc4
cxb4 35. Rxb4 Bc6 36. a6 b6 37. Nf5 Rxf5 38. exf5 Rxe1+ 39. Kf2 Re5 40. g4 Rc5
41. c4 Ra5 42. Ke3 Rxa6 43. f4 Ra3+ 44. Kd4 Rf3 45. Ke5 Re3+ 46. Kd6 Bf3 47. Ra4
Bxg4 48. Rxa7 Bxf5 49. Rxf7 Kg6 50. Rb7 Re4 51. Kd5 Rxf4 52. Rxb6+ Kg5 53. c5
Be4+ 54. Ke5 Bg2 55. c6 Rc4 56. Rb7 Bxc6 57. Rxg7+ Kh5 58. Kf5 Be4+ 59. Kf4 Bg6+
60. Kg3 Rg4+ 61. Kf2 Rg5 62. Ra7 Bf5 63. Ra4 Bg4 64. Rb4 Kh4 65. Rb6 h5 66. Rb3
Rf5+ 67. Kg1 Bf3 68. Rc3 Rg5+ 69. Kf2 Bd5 70. Ke3 Rf5 71. Kd4 Kg4 72. Rg3+ Kf4
73. Rg7 Bf3 74. Rh7 Bg4 75. Rg7 Kf3 76. Kd3 Kg2 77. h4 Kh3 78. Ke4 Kxh4 79. Ra7
Rf1 80. Ra1 Rxa1 0-1

[Event "Titled Tue 26th Aug Early"]
[Site "chess.com INT"]
[Date "2025.08.26"]
[Round "6"]
[White "Gallasch, Jonas"]
[Black "Brzezina, Pawel"]
[Result "0-1"]
[WhiteTitle "FM"]
[BlackTitle "CM"]
[WhiteElo "2304"]
[BlackElo "2128"]
[WhiteFideId "16222474"]
[BlackFideId "21078866"]
[EventDate "2025.08.26"]

1. d4 d5 2. Nf3 Nf6 3. e3 e6 4. b3 c5 5. Bb2 b6 6. c4 Bb7 7. Bd3 Nbd7 8. O-O
dxc4 9. bxc4 Be7 10. Nbd2 O-O 11. Qe2 Qc7 12. Rfd1 Rfe8 13. Rac1 Bf8 14. h3 Rad8
15. Bb1 Bd6 16. Re1 e5 17. d5 Nf8 18. Ng5 h6 19. Nge4 Nxe4 20. Nxe4 Be7 21. g4
Bc8 22. Ng3 g6 23. Qf3 Bh4 24. Ne4 Nh7 25. Rf1 Ng5 26. Nxg5 Bxg5 27. Qg3 Qe7 28.
f4 exf4 29. exf4 Bh4 30. Qc3 Qe3+ 31. Qxe3 Rxe3 32. Rc3 Rde8 33. f5 gxf5 34.
Bxf5 Bxf5 35. gxf5 Rxc3 36. Bxc3 Re3 37. Ba1 Rxh3 38. f6 Rd3 39. Rf5 Bg5 40. Be5
Kh7 41. Bc7 Kg6 42. Re5 Bxf6 43. Re8 Bg5 44. d6 Rd1+ 45. Kg2 Rd2+ 46. Kf3 Rd3+
47. Ke2 Rd2+ 48. Ke1 Rd4 49. Ra8 h5 50. Rxa7 h4 51. Ra8 h3 52. Rg8+ Kf5 53. Rh8
Rd3 54. Bxb6 Rxd6 55. Bxc5 Rd3 56. a4 Bf4 57. a5 h2 58. a6 Rb3 59. a7 Rb1+ 60.
Ke2 Ra1 61. Kf3 f6 62. Rh5+ Kg6 63. Rh4 Be5 64. Be3 Kf5 65. Rh5+ Kg6 66. Rh6+
Kf5 67. Rh7 Ra3 68. c5 Bd4 69. c6 Bxe3 70. c7 Bxa7+ 71. Ke2 Rc3 72. Rxh2 Rxc7
73. Rh5+ Ke6 74. Ra5 Bc5 75. Kf3 Bd6 76. Ke4 Rc4+ 77. Kd3 Rh4 78. Ke3 f5 79. Ra8
Rh3+ 80. Kf2 Be5 81. Re8+ Kd5 82. Ra8 Rh2+ 83. Kf3 Rh3+ 84. Kf2 f4 85. Ra4 Rb3
86. Ke2 Bd4 87. Ra8 Ke4 88. Ra4 Rb2+ 0-1